|
|
|
|
| LEADER |
02672nam a2200721 4500 |
| 001 |
ocn860754998 |
| 003 |
OCoLC |
| 005 |
20170124070248.6 |
| 006 |
m o d |
| 007 |
cr |n||||||||| |
| 008 |
131013s2013 enk ob 001 0 eng d |
| 040 |
|
|
|a YDXCP
|b eng
|e rda
|e pn
|c YDXCP
|d OCLCO
|d N$T
|d IDEBK
|d DG1
|d CUS
|d E7B
|d UKDOC
|d DEBBG
|d OCLCQ
|d OCLCF
|d CDX
|d EBLCP
|d OCLCQ
|d COO
|d GrThAP
|
| 019 |
|
|
|a 859835759
|a 861975397
|
| 020 |
|
|
|a 9781118761281
|q (electronic bk.)
|
| 020 |
|
|
|a 1118761286
|q (electronic bk.)
|
| 020 |
|
|
|a 1118761375
|q (electronic bk.)
|
| 020 |
|
|
|a 9781118761373
|q (electronic bk.)
|
| 020 |
|
|
|a 1299966268
|q (ebk)
|
| 020 |
|
|
|a 9781299966260
|q (ebk)
|
| 020 |
|
|
|z 9781848215030
|q (hbk.)
|
| 020 |
|
|
|z 1848215037
|q (hbk.)
|
| 029 |
1 |
|
|a AU@
|b 000052185417
|
| 029 |
1 |
|
|a CHBIS
|b 010441843
|
| 029 |
1 |
|
|a CHVBK
|b 334088682
|
| 029 |
1 |
|
|a DEBBG
|b BV041633169
|
| 029 |
1 |
|
|a DEBBG
|b BV041906796
|
| 029 |
1 |
|
|a DEBBG
|b BV042795616
|
| 029 |
1 |
|
|a NZ1
|b 15341854
|
| 029 |
1 |
|
|a DEBBG
|b BV043396272
|
| 035 |
|
|
|a (OCoLC)860754998
|z (OCoLC)859835759
|z (OCoLC)861975397
|
| 037 |
|
|
|a 527877
|b MIL
|
| 050 |
|
4 |
|a RC78.7.N83
|b P47 2013
|
| 072 |
|
7 |
|a HEA
|x 039000
|2 bisacsh
|
| 072 |
|
7 |
|a MED
|x 014000
|2 bisacsh
|
| 072 |
|
7 |
|a MED
|x 022000
|2 bisacsh
|
| 072 |
|
7 |
|a MED
|x 112000
|2 bisacsh
|
| 072 |
|
7 |
|a MED
|x 045000
|2 bisacsh
|
| 082 |
0 |
4 |
|a 616.07/548
|2 23
|
| 049 |
|
|
|a MAIN
|
| 100 |
1 |
|
|a Perrin, Vincent,
|e author.
|
| 245 |
1 |
0 |
|a MRI techniques /
|c Vincent Perrin.
|
| 264 |
|
1 |
|a London :
|b ISTE,
|c 2013.
|
| 264 |
|
1 |
|a Hoboken :
|b Wiley,
|c 2013.
|
| 300 |
|
|
|a 1 online resource (vii, 225 pages).
|
| 336 |
|
|
|a text
|b txt
|2 rdacontent
|
| 337 |
|
|
|a computer
|b c
|2 rdamedia
|
| 338 |
|
|
|a online resource
|b cr
|2 rdacarrier
|
| 490 |
1 |
|
|a Digital signal and image processing series
|
| 504 |
|
|
|a Includes bibliographical references (pages 221-222) and index.
|
| 588 |
0 |
|
|a Online resource; title from PDF title page (Wiley, viewed November 6, 2013).
|
| 650 |
|
0 |
|a Magnetic resonance imaging.
|
| 650 |
|
7 |
|a HEALTH & FITNESS
|x Diseases
|x General.
|2 bisacsh
|
| 650 |
|
7 |
|a MEDICAL
|x Clinical Medicine.
|2 bisacsh
|
| 650 |
|
7 |
|a MEDICAL
|x Diseases.
|2 bisacsh
|
| 650 |
|
7 |
|a MEDICAL
|x Evidence-Based Medicine.
|2 bisacsh
|
| 650 |
|
7 |
|a MEDICAL
|x Internal Medicine.
|2 bisacsh
|
| 650 |
|
7 |
|a Magnetic resonance imaging.
|2 fast
|0 (OCoLC)fst01005780
|
| 655 |
|
4 |
|a Electronic books.
|
| 655 |
|
0 |
|a Electronic books.
|
| 776 |
0 |
8 |
|a Perrin, Vincent.
|t MRI techniques.
|d London : ISTE, 2013
|z 9781848215030
|w (DLC) 2013946298
|w (OCoLC)861619338
|
| 830 |
|
0 |
|a Digital signal and image processing series.
|
| 856 |
4 |
0 |
|u https://doi.org/10.1002/9781118761281
|z Full Text via HEAL-Link
|
| 994 |
|
|
|a 92
|b DG1
|